000 00892nam a2200193 i 4500
001 189572
003 SpMaBN
005 20250823063132.0
008 190620s1846 sp f |||| | spa d
100 1 _aEscosura Morrogh, Luis de la,
_d1821-1904
_9126953
245 1 0 _aDescripción de las minas de la provincia de Zamora /
_cpor Luis de la Escosura.
260 _aMadrid :
_bImp. de Corrales y Compañía,
_c1846.
300 _a38 p., [2] h. pleg. de lám. ;
_c28 cm.
530 _aDisponible en formato digital.
650 7 _aMinas-
_zZamora (Provincia)
_9167377
852 _aES-MaACL
_jL-32448(3)
_z- Enc. cart.
_z. - Legado Federico de Botella y de Hornos
_z- Enc. en un vol. facticio, con tít. en el lomo de: España, geología: memorias varias, 1
856 _uhttp://bdh-rd.bne.es/viewer.vm?id=0000077362&page=1
_zBiblioteca Digital Hispánica
999 _c189572
_d189572